Comprehending Columbine (Record no. 352842)
[ view plain ]
| 000 -LEADER | |
|---|---|
| fixed length control field | 00440nam a2200133Ia 4500 |
| 008 - FIXED-LENGTH DATA ELEMENTS--GENERAL INFORMATION | |
| fixed length control field | 171212s9999 xx 000 0 und d |
| 020 ## - INTERNATIONAL STANDARD BOOK NUMBER | |
| International Standard Book Number | 9781592134908 |
| 100 ## - MAIN ENTRY--PERSONAL NAME | |
| Personal name | Larkin, Ralph W |
| 245 ## - TITLE STATEMENT | |
| Statement of responsibility, etc | Larkin, Ralph W |
| Title | Comprehending Columbine |
| 260 ## - PUBLICATION, DISTRIBUTION, ETC. (IMPRINT) | |
| Name of publisher, distributor, etc | Temple University Press |
| Date of publication, distribution, etc | 2007 |
| 650 ## - SUBJECT ADDED ENTRY--TOPICAL TERM | |
| Topical term or geographic name as entry element | Columbine High School (Littleton, Colo.); School violence -- Colorado |
| 650 ## - SUBJECT ADDED ENTRY--TOPICAL TERM | |
| Topical term or geographic name as entry element | Education |
| 856 ## - ELECTRONIC LOCATION AND ACCESS | |
| Uniform Resource Identifier | <a href="http://jstor.org/stable/j.ctt1bw1ktw">http://jstor.org/stable/j.ctt1bw1ktw</a> |
| Withdrawn status | Lost status | Damaged status | Home library | Current library | Date acquired | Total Checkouts | Full call number | Date last seen | Price effective from | Koha item type |
|---|---|---|---|---|---|---|---|---|---|---|
| College Library | College Library | 12/12/2017 | LB3013.33.C6L37 2007 | 12/12/2017 | 12/12/2017 | Curriculum - Based eBooks |